Legoland - Statystyki

Ogólne statystyki
  • Ten quiz został rozwiązany 6 razy
  • Średni wynik to 8 z 11
Statystyki odpowiedzi
Data Powstania Kraj % Poprawnych
17 Maj 2002 niemcy
100%
7 Czerwiec 1968 dania
83%
1 Kwiecień 2017 japonia
83%
20 Marzec 1999 stany zjednoczone
83%
15 Październik 2011 stany zjednoczone
83%
29 Maj 2021 stany zjednoczone
83%
17 Marzec 1996 wielka brytania
83%
15 Czerwiec 2021 wlochy
67%
5 May 2022 korea poludniowa
50%
31 Październik 2016 zjednoczone emiraty arabskie
50%
15 Wrzesień 2012 malezja
33%
Nie znaleziono quizów pasujących do podanych kryteriów
Rozkład punktacji
Procent ludzi z każdym wynikiem
Percentyl według liczby udzielonych odpowiedzi
Twoja historia wyników
Nie rozwiązałeś tego quizu